[Event "Sydney op"]
[Site "Sydney"]
[Date "1992.??.??"]
[Round "4"]
[White "Lindri, Juni Wijayanti"]
[Black "Sandler, Leonid"]
[Result "1/2-1/2"]
[WhiteElo "2070"]
[BlackElo "2270"]

1.e4 c5 2.Nf3 d6 3.Bb5+ Nd7 4.O-O Nf6 5.e5 dxe5 6.Nxe5 e6 7.d4 a6 8.Nxd7 Bxd7
9.Be2 Bc6 10.dxc5 Qxd1 11.Rxd1 Bxc5 12.Nc3 Ke7 13.Bg5 h6 14.Bh4 Rhd8 15.Kf1 Bd4
16.f3 Bxc3 17.bxc3 g5 18.Bf2 Nd5 19.Bd4 e5 20.Bc5+ Kf6 21.c4 Nc3 22.Rd3 Na4
23.Ba3 e4 24.fxe4 Bxe4 25.Rh3 Kg7 26.Bd3 Re8 27.Kf2 f6 28.Re3 Bc6 29.Rae1 Rxe3
30.Rxe3 Re8 31.Rxe8 Bxe8 32.Ke3 Bc6 33.g3 Kf7 34.Bf5 Nb6 35.Kd4 Nd7 36.Bd6 h5
37.h4 Nb6 38.Bb4 Nd7 39.Bd6 Nb6 40.Bb4  1/2-1/2

[Event "Sydney op"]
[Site "Sydney"]
[Date "1992.??.??"]
[Round "10"]
[White "Wohl, Aleksandar H"]
[Black "Feldman, Vladimir"]
[Result "1/2-1/2"]
[WhiteElo "2280"]
[BlackElo "2335"]

1.e4 c5 2.Nf3 d6 3.Bb5+ Bd7 4.Bxd7+ Qxd7 5.O-O Nf6 6.Qe2 Nc6 7.c3 e6 8.d4 cxd4
9.cxd4 d5 10.e5 Ne4 11.Be3 Be7 12.Ne1 f5 13.f3 Ng5 14.Nc3 O-O 15.Qd2 Nf7
16.Nd3 Na5 17.b3 Rfc8 18.Ne2 b6 19.g4 fxg4 20.fxg4 Qd8 21.Ndf4 Rc6 22.Rac1 Rac8
23.Rxc6 Rxc6 24.Qd3 Qc8 25.Bd2 Nb7 26.Ng3 Nbd8 27.Nfe2 a6 28.Kh1 b5 29.Rg1 Ng5
30.h4 Ne4 31.Nxe4 dxe4 32.Qxe4 Rc2 33.Rc1 Rxc1+ 34.Bxc1 Bxh4 35.Kg2 Qc6 36.Kf3 Kf7
37.Bd2 Be7 38.Nf4 g6 39.d5 exd5 40.Nxd5 Ne6 41.Kg3 Kg7 42.Qf3 Bd8 43.Be3 Qc2
44.Nf6 Qc8 45.Bh6+ Kh8 46.Ne4 Kg8 47.b4 Be7 48.Nd6 Bxd6 49.exd6 g5 50.Qf6 Qc4
51.Bxg5 Qd3+ 52.Kh4 Qxd6 53.Bf4 Qd5 54.Be5 Qh1+ 55.Kg3 Qg1+ 56.Kf3 Qd1+ 57.Ke4 Qxg4+
58.Kd5 Nf8 59.Kc6 Qc8+ 60.Kd5 Qc4+ 61.Kd6 Qxb4+ 62.Kc7  1/2-1/2

[Event "Tilburg"]
[Site "Tilburg"]
[Date "1992.??.??"]
[Round "2"]
[White "Oll, Lembit"]
[Black "De Boer, Gert Jan"]
[Result "1/2-1/2"]
[WhiteElo "2600"]
[BlackElo "2430"]

1.e4 c5 2.Nf3 d6 3.Bb5+ Bd7 4.Bxd7+ Nxd7 5.O-O Ngf6 6.Re1 e6 7.c3 Be7 8.d4 O-O
9.Nbd2 Rc8 10.e5 Ne8 11.Ne4 Qb6 12.Qa4 Rc7 13.dxc5 dxc5 14.Rd1 Nb8 15.Be3 Qa6
16.Qxa6 Nxa6 17.Nd6 Bxd6 18.exd6 Rd7 19.b4 cxb4 20.cxb4 f6 21.a3 b6 22.Nd4 Rxd6
23.Nb5 Rxd1+ 24.Rxd1 Rf7 25.Rd8 Kf8 26.Nd6 Re7  1/2-1/2

[Event "Tomo Zupan op"]
[Site "Tomo Zupan"]
[Date "1992.??.??"]
[Round "?"]
[White "Kavcic, Uros"]
[Black "Praznik, Anton"]
[Result "0-1"]
[WhiteElo "1700"]
[BlackElo "2260"]

1.e4 c5 2.Nf3 d6 3.Bb5+ Nd7 4.Nc3 a6 5.Bc4 e6 6.O-O b5 7.Be2 Bb7 8.a3 Ngf6
9.d3 Be7 10.Re1 O-O 11.Bf1 Qc7 12.Bg5 h6 13.Bh4 e5 14.h3 Rae8 15.Qd2 Nb6
16.Rad1 Nh5 17.Bxe7 Qxe7 18.Na2 f5 19.Nc3 f4 20.Be2 Bc8 21.Nh2 Qg5 22.Bxh5 Qxh5
23.Qe2 Qg6 24.Qf3 h5 25.Kh1 Qh6 26.Rg1 Rf6 27.g4 fxg3 28.Qxg3 Ref8 29.Rdf1 Kh7
30.f3 Rg6 31.Qf2 Bxh3 32.Rxg6 Qxg6 33.Rg1 Qf6 34.Qg3 Be6 35.Qg5 Qxg5 36.Rxg5 Kh6
37.Rg2 g5 38.Ne2 Nd7 39.Nf1 Nf6 40.Nh2 Bh3 41.Rg3 Bd7 42.b3 a5 43.Nc3 b4
44.axb4 cxb4 45.Nd1 a4 46.bxa4 Bxa4 47.Ne3 Bd7 48.Rg1 Be6 49.Rb1 Rb8 50.Nhf1 g4
51.fxg4 Nxg4 52.Nxg4+ hxg4 53.Ne3 Kg5 54.Kg2 Kf4 55.Nf1 b3 56.cxb3 Rxb3 57.Rd1 Rb2+
58.Kg1 g3 59.Re1 Rf2 60.Nxg3 Kxg3 61.Re3+ Rf3 62.Rxf3+ Kxf3 63.Kf1 Ke3  0-1

[Event "Morava-ch U20"]
[Site "Valtice"]
[Date "1992.??.??"]
[Round "2"]
[White "Reznicek, Tomas"]
[Black "Pecina, M."]
[Result "1-0"]
[WhiteElo "2025"]
[BlackElo "1700"]

1.e4 c5 2.Nf3 d6 3.Bb5+ Bd7 4.Bxd7+ Qxd7 5.c4 Nc6 6.O-O g6 7.d4 cxd4 8.Nxd4 Bg7
9.Be3 Nf6 10.f3 O-O 11.Nc3 Rfc8 12.b3 Qd8 13.Rc1 Nd7 14.Qd2 Nc5 15.Rfd1 a5
16.Ndb5 Ne5 17.Qe2 Qf8 18.Rd2 Ned7 19.Rcd1 f5 20.Bxc5 Rxc5 21.exf5 Re5 22.Qf2 Qxf5
23.f4 Re6 24.Nd5 Rf8 25.Re1 Rxe1+ 26.Qxe1 Bf6 27.Re2 Rf7 28.Qxa5 Qb1+ 29.Re1 Qd3
30.Qd8+ Nf8 31.Nxf6+ Rxf6 32.Qxe7 Rxf4 33.Qxd6  1-0

[Event "Sonnevanck"]
[Site "Wijk aan Zee"]
[Date "1992.??.??"]
[Round "5"]
[White "Bosboom, Manuel"]
[Black "Armas, Iulius"]
[Result "1-0"]
[WhiteElo "2445"]
[BlackElo "2440"]

1.e4 c5 2.Nf3 d6 3.Bb5+ Bd7 4.Bxd7+ Qxd7 5.O-O g6 6.c3 Bg7 7.d4 Nf6 8.e5 dxe5
9.dxe5 Qxd1 10.Rxd1 Nfd7 11.e6 fxe6 12.Na3 h6 13.Nb5 Na6 14.Bf4 Rf8 15.Bg3 Rf5
16.Nh4 Rf6 17.Rd2 g5 18.Nf3 Rf5 19.Re1 Nf8 20.h3 Rd5 21.Rxd5 exd5 22.Nd6+ Kd7
23.Nf5 Bf6 24.Ne5+ Bxe5 25.Rxe5 e6 26.Nxh6 Nh7 27.h4 gxh4 28.Bxh4 c4 29.f4 Nc7
30.g4 Nf8 31.Rg5 Re8 32.Nf7 Kc6 33.Ne5+ Kb6 34.Rg8 d4 35.Rxf8 Rxf8 36.Nd7+ Kc6
37.Nxf8 dxc3 38.bxc3 Nd5 39.g5 Nxc3  1-0

[Event "Hoogovens-B"]
[Site "Wijk aan Zee"]
[Date "1992.??.??"]
[Round "11"]
[White "Cifuentes Parada, Roberto"]
[Black "Bronstein, David I"]
[Result "1-0"]
[WhiteElo "2540"]
[BlackElo "2465"]

1.e4 c5 2.Nf3 d6 3.Bb5+ Nd7 4.O-O Nf6 5.Re1 a6 6.Bf1 b6 7.d4 cxd4 8.Qxd4 Bb7
9.e5 dxe5 10.Nxe5 Nxe5 11.Qxe5 e6 12.Nc3 Bd6 13.Qg5 h6 14.Qh4 Qc7 15.a4 Ke7
16.Be3 Bc5 17.Rad1 Rhd8 18.Bf4 Qc6 19.Be5 Rxd1 20.Rxd1 a5 21.Rd3 Rd8 22.Rxd8 Kxd8
23.Bxf6+ gxf6 24.Qxf6+ Be7 25.Qxf7 Qd6 26.Qg6 Qf4 27.Qxe6 Bc5 28.Qg8+ Ke7
29.Qg7+ Kd8 30.Qg3  1-0

[Event "Wisla BES op"]
[Site "Wisla"]
[Date "1992.??.??"]
[Round "4"]
[White "Sikora Gizynska, Bozena"]
[Black "Staniszewski, Piotr"]
[Result "1/2-1/2"]
[WhiteElo "2225"]
[BlackElo "2425"]

1.e4 c5 2.Nf3 d6 3.Bb5+ Nd7 4.O-O Nf6 5.d4 a6 6.Bxd7+ Nxd7 7.c4 cxd4 8.Qxd4 Qb6
9.Nc3 Qxd4 10.Nxd4 e6 11.Rd1 Be7 12.b3 O-O 13.Be3 Rd8 14.Nde2 Nc5 15.f3 b6
16.Rab1 Bb7 17.Bc1 Nd7 18.a4 g6 19.Bf4 Ne5 20.Be3 Nd7 21.Bf4 Ne5 22.Be3  1/2-1/2

[Event "Zalakaros op"]
[Site "Zalakaros"]
[Date "1992.??.??"]
[Round "2"]
[White "Horvath, Imre"]
[Black "Szalanczy, Emil"]
[Result "0-1"]
[WhiteElo "2320"]
[BlackElo "2420"]

1.e4 c5 2.Nf3 d6 3.Bb5+ Nc6 4.O-O Bd7 5.c3 a6 6.Ba4 Nf6 7.Re1 b5 8.Bc2 Bg4
9.d4 cxd4 10.cxd4 e5 11.Be3 Be7 12.Nc3 O-O 13.Nd5 exd4 14.Bxd4 Bxf3 15.gxf3 Nxd5
16.exd5 Nxd4 17.Qxd4 Bf6 18.Qd2 Rc8 19.Bf5 Rc4 20.Re4 g6 21.Rxc4 bxc4 22.Bh3 Bg7
23.Re1 Qf6 24.Re2 h5 25.f4 Rb8 26.Qc1 Rxb2 27.Qxc4 Rxe2 28.Qxe2 Qxf4 29.Qxa6 Be5
30.Qd3 Qxh2+ 31.Kf1 Qf4 32.Kg2 Kg7 33.Bd7 f5 34.a4 Qg4+ 35.Kf1 h4 36.Qe2 Qh3+
37.Ke1 Qh1+ 38.Qf1 Qe4+  0-1

[Event "Zalakaros op"]
[Site "Zalakaros"]
[Date "1992.??.??"]
[Round "2"]
[White "Lakos, Nikoletta"]
[Black "Parkanyi, Attila"]
[Result "1-0"]
[WhiteElo "2075"]
[BlackElo "2255"]

1.e4 c5 2.Nf3 d6 3.Bb5+ Bd7 4.Bxd7+ Qxd7 5.O-O g6 6.c3 Nc6 7.d4 cxd4 8.cxd4 Bg7
9.Nc3 Nf6 10.Qe2 O-O 11.Rd1 d5 12.e5 Ne8 13.b3 Nc7 14.h3 Rab8 15.Bf4 Ne6
16.Bg3 Rbc8 17.Qd2 h5 18.Ne2 Kh7 19.Ne1 Qd8 20.f4 Bh6 21.Qd3 Qb6 22.Kh1 Ng7
23.a3 Nd8 24.Nf3 Nde6 25.Bh2 f5 26.Rf1 Nc7 27.Nh4 Rg8 28.Rf3 Nge8 29.Rg1 Qe6
30.g4 hxg4 31.hxg4 fxg4 32.f5 gxf5 33.Rxf5 Kh8 34.Nf4 Bxf4 35.Rh5+ Kg7 36.Qh7+ Kf8
37.Bxf4 Ng7 38.Bh6 Ke8 39.Bxg7 Kd7 40.Rh6 Qf7 41.Bf6 Rcf8 42.Ng6 Rxg6 43.Qxg6 Qxg6
44.Rxg6 exf6 45.Rxf6 Rh8+ 46.Kg2 Ne6 47.Rf7+ Kc6 48.Rc1+ Kb6 49.Rf6 Re8 50.Rc5 a6
51.Rxd5 Ka7 52.Kg3 Re7 53.Kxg4 Rg7+ 54.Kf5 Nc7 55.Rd8  1-0

[Event "Zalakaros op"]
[Site "Zalakaros"]
[Date "1992.??.??"]
[Round "4"]
[White "Lakos, Nikoletta"]
[Black "Anka, Emil"]
[Result "0-1"]
[WhiteElo "2075"]
[BlackElo "2330"]

1.e4 c5 2.Nf3 d6 3.Bb5+ Nc6 4.O-O Bd7 5.Re1 a6 6.Bf1 Bg4 7.h3 Bxf3 8.Qxf3 g6
9.c3 Bg7 10.d3 Nf6 11.Be3 Nd7 12.Rd1 O-O 13.Na3 b5 14.Nc2 Qc7 15.Qg3 Qb7
16.f4 b4 17.Rab1 Rab8 18.cxb4 Nxb4 19.Nxb4 Qxb4 20.Qf2 Bd4 21.Bxd4 Qxd4 22.Rdc1 Rb4
23.b3 Rfb8 24.Rc2 a5 25.Rbc1 a4 26.Qxd4 Rxd4 27.Rc4 Rxc4 28.Rxc4 axb3 29.axb3 Rxb3
30.d4 Nb6  0-1

[Event "Alushta op"]
[Site "Alushta"]
[Date "1993.??.??"]
[Round "?"]
[White "Gorbatow, Alexej"]
[Black "Vaulin, Alexander"]
[Result "0-1"]
[WhiteElo "2385"]
[BlackElo "2515"]

1.e4 c5 2.Nf3 d6 3.Bb5+ Nd7 4.c4 Nf6 5.Nc3 g6 6.d4 cxd4 7.Qxd4 Bg7 8.Bg5 O-O
9.Rd1 Nc5 10.e5 Ng4 11.b4 Nxe5 12.Nxe5 Ne6 13.Qe3 Nxg5 14.Qxg5 Bxe5 15.Nd5 e6
16.Qxd8 Rxd8 17.Ne7+ Kf8 18.Nxc8 Raxc8 19.Rc1 Bb2 20.Rb1 Bc3+ 21.Ke2 a6 22.Ba4 Rxc4
23.a3 d5 24.h4 a5 25.Bb5 Re4+ 26.Kd3 axb4 27.axb4 Rc8 28.h5 Bxb4 29.hxg6 Rc3+
30.Kd2 hxg6  0-1

[Event "Antwerp op"]
[Site "Antwerp"]
[Date "1993.??.??"]
[Round "3"]
[White "Barua, Dibyendu"]
[Black "Docx, Stefan"]
[Result "1-0"]
[WhiteElo "2510"]
[BlackElo "2215"]

1.e4 c5 2.Nf3 d6 3.Bb5+ Bd7 4.Bxd7+ Qxd7 5.O-O Nc6 6.c3 Nf6 7.Qe2 e6 8.d4 cxd4
9.cxd4 d5 10.e5 Ne4 11.Be3 Be7 12.Ne1 f5 13.f3 Ng5 14.Nd3 O-O 15.Nc3 Rac8
16.h4 Nf7 17.Bf2 g5 18.hxg5 Nxg5 19.Nf4 Kh8 20.g3 Bd8 21.Kg2 Qf7 22.Nb5 Be7
23.Rh1 a6 24.Nd6 Bxd6 25.exd6 Kg8 26.Rh5 Qf6 27.Rxg5+ Qxg5 28.Qxe6+ Kh8 29.Rh1 Rg8
30.Kf1 Nb4 31.Qe5+ Rg7 32.Ne6  1-0

[Event "Donau op"]
[Site "Aschach"]
[Date "1993.??.??"]
[Round "?"]
[White "Suta, Mihai"]
[Black "Poecksteiner, Johann"]
[Result "1-0"]
[WhiteElo "2235"]
[BlackElo "2225"]

1.e4 c5 2.Nf3 d6 3.Bb5+ Nc6 4.c3 Nf6 5.Qe2 Bd7 6.O-O a6 7.Ba4 b5 8.Bc2 e5
9.a4 g6 10.d4 Rb8 11.axb5 axb5 12.dxc5 dxc5 13.Na3 c4 14.b3 cxb3 15.Bxb3 Qb6
16.Ng5 Nd8 17.c4 b4 18.Nb5 Be7 19.Ra6 Qc5 20.Be3 Qc8 21.Nd6+ Bxd6 22.Rxd6 Be6
23.f4 Bg4 24.Qb2 Nd7 25.h3  1-0

[Event "Athens op"]
[Site "Athens"]
[Date "1993.??.??"]
[Round "4"]
[White "Martinovic, Slobodan"]
[Black "Petursson, Margeir"]
[Result "1-0"]
[WhiteElo "2465"]
[BlackElo "2560"]

1.e4 c5 2.Nf3 d6 3.Bb5+ Nc6 4.O-O Bd7 5.c3 Nf6 6.Re1 a6 7.Bxc6 Bxc6 8.d4 Bxe4
9.Bg5 Bd5 10.c4 Bxc4 11.Nc3 Be6 12.dxc5 dxc5 13.Qa4+ b5 14.Qh4 Qb6 15.a4 Rd8
16.axb5 axb5 17.Be3 Nd5 18.Ng5 Nxe3 19.Rxe3 Bc8 20.Nxh7 Rg8 21.Nxf8 Qf6 22.Qxf6 gxf6
23.Nh7 Rg6 24.Nxb5 Bb7 25.Rg3 Rd2 26.Re1 Rxg3 27.hxg3 Rxb2 28.Nd6+ Kd8 29.Nf5 c4
30.Rd1+ Kc7 31.Rc1 Bd5 32.Ne3  1-0

[Event "Azov"]
[Site "Azov"]
[Date "1993.??.??"]
[Round "?"]
[White "Arkhipov, Sergey"]
[Black "Obukhov, Alexander"]
[Result "1-0"]
[WhiteElo "2520"]
[BlackElo "2490"]

1.e4 c5 2.Nf3 d6 3.Bb5+ Nd7 4.d4 Nf6 5.Nc3 cxd4 6.Qxd4 e5 7.Qd3 h6 8.Be3 a6
9.Bc4 b5 10.Bb3 Bb7 11.a4 b4 12.Qc4 d5 13.Nxd5 Nxd5 14.exd5 Rc8 15.Qe2 Bd6
16.Nd2 O-O 17.Ne4 Nc5 18.Nxc5 Bxc5 19.O-O-O Qd6 20.Rhe1 Rfe8 21.Kb1 Bxe3
22.Qxe3 a5 23.g4 Ba6 24.Qe4 Rcd8 25.f3 g6 26.h4 Qf6 27.h5 gxh5 28.gxh5 Bc8
29.d6 Rxd6 30.Rxd6 Qxd6 31.f4 Kf8 32.fxe5 Qd2 33.Rf1 Be6 34.Bxe6 Rxe6 35.Qa8+ Re8
36.Qb7 Re7 37.Qc8+ Re8 38.Qc5+ Kg8 39.Qxa5 Rc8 40.Rc1 Qd4 41.Qb5 Qe4 42.a5 Qc4
43.Qxc4 Rxc4 44.Re1 Rc5 45.a6 Ra5 46.e6 Kf8 47.Rf1  1-0

[Event "Oberliga Baden9293"]
[Site "Baden"]
[Date "1993.??.??"]
[Round "?"]
[White "Scherer, Helmut"]
[Black "Mathonia, Claude"]
[Result "1/2-1/2"]
[WhiteElo "2295"]
[BlackElo "2205"]

1.e4 c5 2.Nf3 d6 3.Bb5+ Bd7 4.Bxd7+ Qxd7 5.O-O Nc6 6.c3 Nf6 7.Qe2 e6 8.d4 cxd4
9.cxd4 d5 10.e5 Ne4 11.Be3 Be7 12.Nfd2 Nxd2 13.Nxd2 O-O 14.a3 f6 15.f4 fxe5
16.fxe5 Rxf1+ 17.Rxf1 Rf8 18.b4 Rxf1+ 19.Qxf1 a6 20.Qd1 Nd8 21.Qg4 Qe8 22.h3 Qf7
23.Bg5 Bxg5 24.Qxg5 Nc6 25.Nf3 h6 26.Qc1 Qe7 27.Qc2 Na7 28.Kf2 Nb5 29.Qd3 Qc7
30.Qg6 Qc6 31.Qd3 Qc1 32.Qg6 Qc6 33.Qd3 Qc1  1/2-1/2

[Event "Balatonbereny op"]
[Site "Balatonbereny"]
[Date "1993.??.??"]
[Round "4"]
[White "Hald, Jens Erik Kofoed"]
[Black "Parkanyi, Attila"]
[Result "0-1"]
[WhiteElo "2230"]
[BlackElo "2290"]

1.e4 c5 2.Nf3 d6 3.Bb5+ Bd7 4.Bxd7+ Nxd7 5.O-O Ngf6 6.Qe2 g6 7.c3 Bg7 8.d4 e5
9.Rd1 exd4 10.cxd4 O-O 11.Nc3 Re8 12.Bf4 cxd4 13.Nxd4 Nxe4 14.Nxe4 d5 15.Bg5 Qb6
16.Qb5 Rxe4 17.Qxd7 Bxd4 18.Qxd5 Rae8 19.Bh6 Qxb2 20.Be3 Bxe3 21.fxe3 Qb6
22.Rf1 Qxe3+ 23.Kh1 R4e7 24.h3 Qe5 25.Qb3 b6 26.Rad1 Qe6 27.Qb2 Qc6 28.Qb3 Qb7
29.Qg3 Re3 30.Qg5 Rxh3+ 31.Kg1 Rh5 32.Qf6 Qc7 33.Rd6 Qc5+ 34.Rd4 Qe7 35.Qf2 Rf5  0-1

[Event "Balatonbereny op"]
[Site "Balatonbereny"]
[Date "1993.??.??"]
[Round "6"]
[White "Lakos, Nikoletta"]
[Black "Anka, Emil"]
[Result "0-1"]
[WhiteElo "2230"]
[BlackElo "2395"]

1.e4 c5 2.Nf3 d6 3.Bb5+ Bd7 4.Bxd7+ Qxd7 5.O-O Nc6 6.c3 Nf6 7.Re1 e6 8.d4 cxd4
9.cxd4 d5 10.e5 Ne4 11.Nc3 Nxc3 12.bxc3 Na5 13.Re3 Nc4 14.Rd3 Be7 15.Ne1 O-O-O
16.Rg3 Rdg8 17.Qh5 Bd8 18.Nd3 b6 19.a4 Kb8 20.Qe2 Bc7 21.f4 g6 22.Rf3 Rc8
23.Rf1 h5 24.Bd2 Ka8 25.Rfb1 Bd8 26.g3 Be7 27.h4 Rc7 28.Be1 Rhc8 29.Nb4 Na5
30.Nc2 Rc4 31.Rb5 R4c7 32.Rbb1 Kb7 33.Ne3 Ka8 34.Nc2 Rc6 35.Ne3 Nc4 36.Nc2 R6c7
37.Rb3 Rb7 38.Nb4 Na5 39.Rbb1 Rc4 40.Qd1 Rc8 41.Nc2 b5 42.Ne3 Nc4 43.Kf2 Nxe3
44.Kxe3 Rc4 45.axb5 Rxb5 46.Qc2 Rxb1 47.Rxb1 Rc7 48.Qb3 Rb7 49.Qa2 Rxb1 50.Qxb1 Qb7
51.Qd3 Qc6 52.Qe2 Kb7 53.Qb2+ Qb6 54.Qa2 Qb5 55.Bd2 a6 56.Be1 Kc6 57.Bd2 Kb6
58.Bc1 Kc6 59.Bd2 Bf8 60.Kf2 Be7 61.Ke3 a5 62.Bc1 a4 63.Ba3 Qb3 64.Qxb3 axb3
65.Bb2 Kb5 66.Kd3 Bf8 67.Ke3 Kc4 68.Kd2 Be7 69.Bc1 Bd8 70.Ba3 b2 71.Bxb2 Kb3
72.Bc1 Ba5  0-1

[Event "Oberliga Bayern9394"]
[Site "Bayern"]
[Date "1993.??.??"]
[Round "?"]
[White "Velicka, Petr"]
[Black "Haag, Wolfgang"]
[Result "1/2-1/2"]
[WhiteElo "2420"]
[BlackElo "2290"]

1.e4 c5 2.Nf3 d6 3.Bb5+ Bd7 4.Bxd7+ Nxd7 5.c4 Ngf6 6.Nc3 Ne5 7.d3 e6 8.O-O Be7
9.Nxe5 dxe5 10.f4 O-O 11.Kh1 Nd7 12.f5 Bf6 13.Be3 Qe7 14.Qh5 Rfd8 15.Rad1 Nf8
16.Rf3 Rd7 17.Rg1 Rad8 18.g4 h6 19.g5 hxg5 20.Bxg5 Bxg5 21.Rxg5 f6 22.Rgg3 Qf7
23.Qh4 exf5 24.Rh3 Ng6 25.Qh7+ Kf8 26.Nd5 fxe4 27.dxe4 Nf4 28.Rhg3 Qh5 29.Qxh5 Nxh5
30.Rh3 g6 31.Ra3 b6 32.Ra6 Rb8 33.a4 Kg7 34.Rb3 Nf4 35.a5 Nxd5 36.cxd5 Rdb7
37.axb6 axb6 38.Kg2 f5 39.Kf3 Kf6 40.h4 Ke7 41.h5 Kf6 42.hxg6 Kxg6 43.d6 f4
44.d7 Rxd7 45.Raxb6+ Rxb6 46.Rxb6+ Kg5 47.Re6 Rd3+ 48.Kf2 Rb3 49.Rxe5+ Kg4
50.Rxc5 Rxb2+ 51.Kg1 f3 52.Rc8 Kg3 53.Rg8+ Kf4 54.Ra8 Ke3 55.Ra3+ Ke2 56.Ra1 Rb4
57.Ra2+ Ke3 58.Ra3+ Kf4 59.Ra8  1/2-1/2

[Event "JUG-chT (Women)"]
[Site "Becici"]
[Date "1993.??.??"]
[Round "?"]
[White "Micic, Snezana"]
[Black "Stoisavljevic, Sava"]
[Result "1-0"]
[WhiteElo "2220"]
[BlackElo "2115"]

1.e4 c5 2.Nf3 d6 3.Bb5+ Bd7 4.Bxd7+ Qxd7 5.O-O Nc6 6.c3 Nf6 7.Qe2 e6 8.d4 cxd4
9.cxd4 Be7 10.Nc3 O-O 11.Rd1 d5 12.e5 Ne8 13.Ng5 g6 14.h4 Ng7 15.g4 Qd8 16.Kg2 Rc8
17.Rd3 a6 18.Be3 b5 19.Rh1 Na5 20.b3 Nc6 21.Bd2 Qb6 22.h5 gxh5 23.gxh5 Nxd4
24.Qg4 Nc6 25.h6 Nxe5 26.Qg3 Nf5 27.Qxe5 Qc7 28.Qe2 Bf6 29.Qg4 Kh8 30.Nxd5 Qc6
31.Qe4 Rcd8 32.Nxf6 Qxe4+ 33.Nfxe4 Rxd3 34.Bb4 Rc8 35.Nxf7+ Kg8 36.Ne5 Rd4
37.Nf6+  1-0

[Event "JUG-chT2"]
[Site "Becici"]
[Date "1993.??.??"]
[Round "1"]
[White "Simonovic, Aleksandar"]
[Black "Popovic, Petar"]
[Result "1/2-1/2"]
[WhiteElo "2345"]
[BlackElo "2520"]

1.e4 c5 2.Nf3 d6 3.Bb5+ Bd7 4.Bxd7+ Nxd7 5.O-O Ngf6 6.Re1 e6 7.c4 Ne5 8.d3 Be7
9.Nc3 O-O 10.a3 Nfd7 11.Nxe5 Nxe5 12.Rb1 Bf6 13.Be3 b6 14.h3 Nc6 15.Ne2 d5
16.exd5 exd5 17.Nf4 dxc4 18.dxc4 Qxd1 19.Rexd1 Bd4 20.Nd5 Bxe3 21.Nxe3 Rfd8
22.Nd5 Kf8 23.Kf1 Rac8 24.a4 Rd6 25.Re1 Re8 26.Rxe8+ Kxe8 27.Re1+ Kf8 28.Re3 Na5
29.b3 Re6 30.Rc3 g6 31.f3 h5 32.h4 Nc6 33.Kf2 Nd4 34.Nf4 Re5 35.Rd3 a5 36.Kf1  1/2-1/2

[Event "JUG-chT2"]
[Site "Becici"]
[Date "1993.??.??"]
[Round "5"]
[White "Simonovic, Aleksandar"]
[Black "Gojkovic, Petar"]
[Result "1-0"]
[WhiteElo "2345"]
[BlackElo "2335"]

1.e4 c5 2.Nf3 d6 3.Bb5+ Bd7 4.Bxd7+ Qxd7 5.O-O Nc6 6.Re1 Nf6 7.c3 e6 8.d3 Be7
9.Nbd2 Ne5 10.Nxe5 dxe5 11.Nc4 Qc7 12.a4 Nd7 13.Qg4 Bf6 14.Be3 O-O 15.h4 Kh8
16.h5 h6 17.f4 exf4 18.Bxf4 e5 19.Bd2 Rae8 20.Rf1 Nb6 21.Bxh6 Rg8 22.Be3 Nxc4
23.dxc4 Re6 24.Rad1 Qc6 25.b3 b6 26.Rd5 Qe8 27.Qf5 g6 28.Qh3 g5 29.Qf5 g4
30.g3 Rg7 31.Rfd1 Be7 32.Kg2 Kg8 33.Rxe5 Bg5 34.Red5 Bxe3 35.Rd8 Rg5 36.Qxe6 fxe6
37.Rxe8+ Kf7  1-0

[Event "Benasque op"]
[Site "Benasque"]
[Date "1993.??.??"]
[Round "4"]
[White "Bancod, Ronald"]
[Black "Martin Gonzalez, Angel"]
[Result "1-0"]
[WhiteElo "2465"]
[BlackElo "2405"]

1.e4 c5 2.Nf3 d6 3.Bb5+ Nc6 4.O-O Bd7 5.Re1 Nf6 6.c3 a6 7.Bf1 Bg4 8.d4 g6
9.Be3 Bg7 10.dxc5 Nxe4 11.Qb3 Nxc5 12.Bxc5 dxc5 13.Qxb7 Bd7 14.Nbd2 O-O 15.Ne4 Rb8
16.Qxa6 Rxb2 17.Rad1 Qc7 18.Rd5 Nb8 19.Qa3 Qb6 20.Nxc5 Bc6 21.Rd2 Rb1 22.Rxb1 Qxb1
23.Nd4 Bd5 24.Qb2 Qxb2 25.Rxb2 Nc6 26.Nxc6 Bxc6 27.Rb6 Ba8 28.c4 Bd4 29.Rb5 Bc6
30.Ra5 Rd8 31.Nb3 Bc3 32.Ra6 Be4 33.Be2 Bc2 34.c5 Bxb3 35.axb3 Rd2 36.Kf1 Bd4
37.c6 Rc2  1-0

[Event "Benasque op"]
[Site "Benasque"]
[Date "1993.??.??"]
[Round "8"]
[White "Galego, Luis"]
[Black "Veingold, Aleksandr"]
[Result "0-1"]
[WhiteElo "2390"]
[BlackElo "2465"]

1.e4 c5 2.Nf3 d6 3.Bb5+ Bd7 4.Bxd7+ Qxd7 5.O-O e6 6.Re1 Nc6 7.d4 cxd4 8.Nxd4 Nf6
9.c4 Be7 10.Nc3 O-O 11.b3 a6 12.Bb2 Rfc8 13.Nxc6 Rxc6 14.Qe2 Rac8 15.a4 Kf8
16.Rad1 Qc7 17.Rd3 Qa5 18.Nd5 exd5 19.exd5 R6c7 20.Bc3 Qc5 21.Re3 Ng8 22.Re4 Qa7
23.Qh5 Bf6 24.Ba5 Re7 25.Qf5 Qb8 26.Bb4 g6 27.Qf4 Rxe4 28.Rxe4 Rd8 29.g4 h6
30.h4 g5 31.hxg5 hxg5 32.Qe3 Rd7 33.Kg2 Qd8 34.Qf3 Re7 35.Kf1 Rxe4 36.Qxe4 Kg7
37.c5 dxc5 38.Bxc5 Ne7 39.d6 Nc6 40.Qf5 b6 41.Qd5 Ne7 42.Bxb6 Nxd5  0-1

[Event "Berliner Sommer"]
[Site "Berlin"]
[Date "1993.??.??"]
[Round "?"]
[White "David, Adrian"]
[Black "Steinert, Marc"]
[Result "1-0"]
[WhiteElo "2305"]
[BlackElo "2295"]

1.e4 c5 2.Nf3 d6 3.Bb5+ Nd7 4.d4 cxd4 5.Qxd4 a6 6.Bxd7+ Bxd7 7.Bg5 Nf6 8.O-O h6
9.Bxf6 gxf6 10.c4 e6 11.Nc3 Be7 12.Kh1 Qa5 13.Rac1 Qc5 14.Qd3 Rg8 15.a3 Rc8
16.Ne2 Rg4 17.b4 Qc6 18.Nd2 Rg6 19.Nd4 Qc7 20.f4 b5 21.f5 Rg8 22.fxe6 fxe6
23.Qh3 Kf7 24.Qh5+ Kg7 25.Rc3 bxc4 26.Rg3+ Kh7 27.Qf7+ Kh8 28.Rh3 Bf8 29.Rxf6  1-0

[Event "Bern op"]
[Site "Bern"]
[Date "1993.??.??"]
[Round "7"]
[White "Campora, Daniel H"]
[Black "Georges, Sacha"]
[Result "1-0"]
[WhiteElo "2550"]
[BlackElo "2310"]

1.e4 c5 2.Nf3 d6 3.Bb5+ Bd7 4.Bxd7+ Nxd7 5.O-O Ngf6 6.Re1 e6 7.c4 Ne5 8.d3 Be7
9.Nc3 O-O 10.h3 Nfd7 11.Nh2 Nc6 12.f4 Nd4 13.Ne2 Bf6 14.Be3 g6 15.Qd2 Rb8
16.Rac1 b5 17.b3 Bg7 18.Kh1 a5 19.Bxd4 cxd4 20.Nf3 e5 21.f5 gxf5 22.exf5 Qf6
23.g4 Bh6 24.g5 Qxf5 25.Kg2 Bg7 26.Nh4 Qe6 27.Nxd4 exd4 28.Rxe6 fxe6 29.Qxa5 bxc4
30.dxc4 Ra8 31.Qd2 Nc5 32.Re1 e5 33.b4 Na4 34.Qd3 Nc3 35.Nf5 Rxa2+ 36.Kh1 e4
37.Rxe4 Rxf5 38.Re8+ Rf8 39.Rxf8+ Kxf8 40.Qf5+ Kg8 41.Qe6+ Kf8 42.Qxd6+ Kf7
43.c5 Re2 44.c6 Be5 45.Qd7+ Kg6 46.c7 Re1+ 47.Kg2 Re2+ 48.Kf1 Bg3 49.Qxd4  1-0

[Event "Bern op"]
[Site "Bern"]
[Date "1993.??.??"]
[Round "8"]
[White "Robovic, Saudin"]
[Black "Lerner, Konstantin Z"]
[Result "0-1"]
[WhiteElo "2365"]
[BlackElo "2530"]

1.e4 c5 2.Nf3 d6 3.Bb5+ Nc6 4.O-O Bd7 5.Re1 Nf6 6.c3 a6 7.Bxc6 Bxc6 8.d4 Bxe4
9.Bg5 d5 10.c4 Bxb1 11.Rxb1 dxc4 12.Bxf6 gxf6 13.d5 Qd7 14.Nd2 Qxd5 15.Ne4 O-O-O
16.Qa4 Qc6 17.Qxc6+ bxc6 18.Rbc1 Rd4 19.Rc2 e6 20.Nxf6 Be7 21.Ne4 Rhd8 22.f3 Kc7
23.Re3 Rd1+ 24.Kf2 Rh1 25.Rec3 f5 26.Nd2 Bh4+ 27.Ke3 Re1+ 28.Kf4 Rd4+  0-1

[Event "Biel op"]
[Site "Biel"]
[Date "1993.??.??"]
[Round "1"]
[White "Engel, Berthold"]
[Black "Huzman, Alexander"]
[Result "0-1"]
[WhiteElo "2290"]
[BlackElo "2520"]

1.e4 c5 2.Nf3 d6 3.Bb5+ Bd7 4.Bxd7+ Nxd7 5.O-O Ngf6 6.Qe2 e6 7.d3 Be7 8.Nc3 O-O
9.Bd2 Qc7 10.Ng5 h6 11.Nh3 Ne5 12.f4 Nc6 13.Nf2 Nd4 14.Qd1 d5 15.e5 Nd7 16.Ne2 Nc6
17.c3 f6 18.d4 Qb6 19.Qb3 cxd4 20.Qxb6 Nxb6 21.cxd4 fxe5 22.fxe5 Nc4 23.Bc1 Rac8
24.Nd3 Rxf1+ 25.Kxf1 Nb4 26.Nxb4 Bxb4 27.Nf4 Kf7 28.Nd3 Ba5 29.b3 Nd2+ 30.Bxd2 Bxd2
31.Ke2 Bg5 32.Ne1 Bc1 33.Kd3 Kg6 34.Nc2 Bf4 35.g3 Bg5 36.Rf1 Be7 37.Rf2 h5
38.h3 b5 39.a3 a5 40.Rf3 Rc7 41.Kd2 Bg5+ 42.Kd1 Kh7 43.Rd3 Kh6 44.b4 axb4
45.Nxb4 Rc1+ 46.Ke2 Rc4 47.Na6 Be7 48.Ke3 Kg6 49.Rb3 Kf5 50.Kd3 g5 51.Rxb5 Ra4
52.Nc5 Bxc5 53.dxc5 Rxa3+ 54.Kd4 Ra4+ 55.Ke3 Kxe5 56.Rb8 Ra3+ 57.Kf2 h4 58.gxh4 gxh4
59.Kg2 Rg3+ 60.Kh2 Rc3 61.Rh8 d4 62.Rh5+ Ke4 63.Rxh4+ Ke3 64.Rh5 d3 65.Re5+ Kf3
66.Rxe6 Rc2+ 67.Kg1 Rc1+ 68.Kh2 d2 69.Rf6+ Ke4 70.Rd6 d1=Q 71.Rxd1 Rxd1 72.Kg3 Kf5  0-1

[Event "Biel op"]
[Site "Biel"]
[Date "1993.??.??"]
[Round "4"]
[White "Antonio, Rogelio Jr"]
[Black "Sadler, Matthew"]
[Result "1-0"]
[WhiteElo "2500"]
[BlackElo "2535"]

1.e4 c5 2.Nf3 d6 3.Bb5+ Bd7 4.Bxd7+ Nxd7 5.O-O Ngf6 6.Qe2 e6 7.b3 Be7 8.Bb2 O-O
9.c4 a6 10.d4 cxd4 11.Nxd4 Re8 12.Nc3 Qb6 13.Rad1 Rad8 14.Kh1 g6 15.f4 Nh5
16.f5 Bf6 17.fxe6 fxe6 18.Na4 Qa5 19.Nf3 b5 20.Bxf6 Ndxf6 21.e5 Ng4 22.Nd4 Nxe5
23.cxb5 axb5 24.Nxb5 Nf7 25.Rxf7 Kxf7 26.Nxd6+ Ke7 27.Nxe8 Qe5 28.Qf3 Rxd1+
29.Qxd1 Kxe8 30.Nb6 Qb2 31.h3 Qxa2 32.Qd7+ Kf8 33.Qd6+ Kf7 34.Nd7 Qa1+ 35.Kh2 Qa8
36.b4 g5 37.Ne5+ Kf6 38.Ng4+ Kf7 39.Qd7+ Kf8 40.Qxh7 Qe8  1-0